MARC details
| 000 -CABECERA |
| campo de control de longitud fija |
01344nam a2200325 a 4500 |
| 001 - NÚMERO DE CONTROL |
| campo de control |
000003183 |
| 003 - IDENTIFICADOR DEL NÚMERO DE CONTROL |
| campo de control |
DO-SdBNP |
| 005 - FECHA Y HORA DE LA ÚLTIMA TRANSACCIÓN |
| campo de control |
20250307073708.0 |
| 007 - CAMPO FIJO DE DESCRIPCIÓN FÍSICA--INFORMACIÓN GENERAL |
| campo de control de longitud fija |
ta |
| 008 - DATOS DE LONGITUD FIJA--INFORMACIÓN GENERAL |
| campo de control de longitud fija |
090707s1999 dr 000 0 spa d |
| 020 ## - NÚMERO INTERNACIONAL ESTÁNDAR DEL LIBRO |
| Número Internacional Estándar del Libro |
9993425036 |
| 040 ## - FUENTE DE LA CATALOGACIÓN |
| Centro catalogador/agencia de origen |
DO-SdBNP |
| Lengua de catalogación |
spa |
| Centro/agencia transcriptor |
BNPHU |
| 082 #4 - NÚMERO DE LA CLASIFICACIÓN DECIMAL DEWEY |
| Número de clasificación |
400 |
| Número de documento/Ítem |
M433c, 1999 |
| Número de edición |
22 |
| 100 1# - ENTRADA PRINCIPAL--NOMBRE DE PERSONA |
| Nombre de persona |
Matos Moquete, Manuel, |
| Fechas asociadas al nombre |
1944- |
| 9 (RLIN) |
6349 |
| 245 13 - MENCIÓN DE TÍTULO |
| Título |
La cultura de la lengua / |
| Mención de responsabilidad, etc. |
Manuel Matos Moquete. |
| 260 ## - PUBLICACIÓN, DISTRIBUCIÓN, ETC. |
| Lugar de publicación, distribución, etc. |
Santo Domingo : |
| Nombre del editor, distribuidor, etc. |
INTEC, |
| Fecha de publicación, distribución, etc. |
1999 |
| 300 ## - DESCRIPCIÓN FÍSICA |
| Extensión |
338 p. ; |
| Dimensiones |
21 cm. |
| 500 ## - NOTA GENERAL |
| Nota general |
"La crítica que realizó José Martí y que él mismo llamo más de una vez, y desde muy temprano, ejercicio del criterio - fue, como toda crítica verdadera, manifestación de un pensamiento / Roberto Fernández Retamar".- En portada. |
| 590 ## - NOTA LOCAL (RLIN) |
| Nota local |
Inventariado, 2018 / LP |
| 600 10 - PUNTO DE ACCESO ADICIONAL DE MATERIA--NOMBRE DE PERSONA |
| Nombre de persona |
Mir, Pedro, |
| Fechas asociadas al nombre |
1913-2000 |
| 9 (RLIN) |
7245 |
| 600 10 - PUNTO DE ACCESO ADICIONAL DE MATERIA--NOMBRE DE PERSONA |
| Nombre de persona |
Henríquez Ureña, Pedro, |
| Fechas asociadas al nombre |
1884-1946 |
| 9 (RLIN) |
1718 |
| 600 #4 - PUNTO DE ACCESO ADICIONAL DE MATERIA--NOMBRE DE PERSONA |
| Nombre de persona |
Pané, Ramón, |
| Fechas asociadas al nombre |
d. 1571 |
| Subdivisión general |
Crítica e interpretación |
| 9 (RLIN) |
19951 |
| 650 #4 - PUNTO DE ACCESO ADICIONAL DE MATERIA--TÉRMINO DE MATERIA |
| Término de materia o nombre geográfico como elemento de entrada |
Lenguaje y cultura |
| 9 (RLIN) |
10051 |
| 650 #4 - PUNTO DE ACCESO ADICIONAL DE MATERIA--TÉRMINO DE MATERIA |
| Término de materia o nombre geográfico como elemento de entrada |
Lenguaje y lenguas |
| Subdivisión general |
Historia y crítica |
| 9 (RLIN) |
10052 |
| 650 #4 - PUNTO DE ACCESO ADICIONAL DE MATERIA--TÉRMINO DE MATERIA |
| Término de materia o nombre geográfico como elemento de entrada |
Español |
| Subdivisión general |
Enseñanza |
| Subdivisión geográfica |
República Dominicana |
| 9 (RLIN) |
10054 |
| 650 #4 - PUNTO DE ACCESO ADICIONAL DE MATERIA--TÉRMINO DE MATERIA |
| Término de materia o nombre geográfico como elemento de entrada |
Literatura dominicana |
| Subdivisión general |
Historia y crítica |
| 9 (RLIN) |
159 |
| 710 2# - PUNTO DE ACCESO ADICIONAL--NOMBRE DE ENTIDAD CORPORATIVA |
| Nombre de entidad corporativa o nombre de jurisdicción como elemento de entrada |
Instituto Tecnológico de Santo Domingo |
| 9 (RLIN) |
78911 |
| 910 ## - DATOS DE OPCIÓN DEL USUARIO (OCLC) |
| Datos de opción del usuario |
Validado. Control de calidad MMOLINA |
| 942 ## - ELEMENTOS DE PUNTO DE ACCESO ADICIONAL (KOHA) |
| Fuente del sistema de clasificación o colocación |
Dewey Decimal Classification |
| Tipo de ítem Koha |
Libro |